| 000 | 01076cam a22002774a 4500 | ||
|---|---|---|---|
| 001 | 11925402 | ||
| 005 | 20130317140941.0 | ||
| 008 | 000229s2000 enka |rb 001 0 eng | ||
| 010 | _a 00026451 | ||
| 020 | _a9780415234832 | ||
| 040 |
_aDLC _cDLC _dDLC |
||
| 042 | _apcc | ||
| 050 | 0 | 0 |
_aTA645 _b.Z35 2000 |
| 082 | 0 | 0 |
_a690.21 _222 _bZAL |
| 100 | 1 |
_aZalka, K. A. _912356 |
|
| 245 | 1 | 0 |
_aGlobal Structural Analysis of Buildings / _bKaroly A. Zalka. |
| 260 |
_aLondon ; _aNew York : _bTaylor & Francis, 2000 _cc2000. |
||
| 300 |
_axviii, 341 p. : _bill. _c24 cm. |
||
| 504 | _aIncludes bibliographical references (p.315-324) and index. | ||
| 650 | 0 |
_aStructural analysis (Engineering) _912357 |
|
| 650 | 0 |
_aGlobal analysis (Mathematics) _912358 |
|
| 653 |
_bCiv _cMarch2013 |
||
| 856 | 4 | 2 |
_3Publisher description _uhttp://www.loc.gov/catdir/enhancements/fy0650/00026451-d.html |
| 942 |
_2ddc _cNB |
||
| 999 |
_c13608 _d13608 |
||